20 największych powiatów w Polsce - Statystyki

Ogólne statystyki
  • Ten quiz został rozwiązany 46 razy
  • Średni wynik to 10 z 20
Statystyki odpowiedzi
Województwo Liczba ludności Powiat % Poprawnych
Małopolskie 277 145 krakowski
89%
Wielkopolskie 390 308 poznański
89%
Świętokrzyskie 210 694 kielecki
81%
Małopolskie 216 176 nowosądecki
61%
Mazowieckie 164 240 pruszkowski
61%
Podkarpackie 170 486 rzeszowski
61%
Małopolskie 201 570 tarnowski
56%
Pomorskie 215 908 wejherowski
53%
Śląskie 165 000 bielski
50%
Małopolskie 191 508 nowotarski
50%
Kujawsko-Pomorskie 160 647 inowrocławski
47%
Mazowieckie 184 951 piaseczyński
44%
Łódzkie 165 916 zgierski
44%
Mazowieckie 245 357 wołomiński
39%
Dolnośląskie 159 337 kłodzki
36%
Śląskie 178 139 cieszyński
33%
Małopolskie 160 130 wadowicki
31%
Śląskie 157 616 wodzisławski
28%
Dolnośląskie 157 615 świdnicki
22%
Wielkopolskie 161 519 ostrowski
19%
Nie znaleziono quizów pasujących do podanych kryteriów
Rozkład punktacji
Procent ludzi z każdym wynikiem
Percentyl według liczby udzielonych odpowiedzi
Twoja historia wyników
Nie rozwiązałeś tego quizu